000 00367nam a2200133Ia 4500
008 151001s9999||||xx |||||||||||||| ||und||
100 _aGautier francois
245 _aArisre again; O India
250 _a1
260 _bHar-Anand
260 _c2001
300 _a184
365 _b21
999 _c980054
_d980051